Guidance for IT outsourcing decisions

Príspevok odpovedá na otázky o outsourcingu a poskytuje rady pre jeho naštartovanie. Kľúčové rozhodnutia v outsourcingu IS/IT v slovenských podnikoch.

Gespeichert in:
Bibliographische Detailangaben
1. Verfasser: Mlynarovič, Vladimír
Format: Buchkapitel
Sprache:Englisch
Schlagworte:
Tags: Tag hinzufügen
Keine Tags, Fügen Sie das erste Tag hinzu!

MARC

LEADER 00000nla$a2200000$$$4500
001 0226562
005 20240502073729.2
041 0 |a eng 
044 |a SK 
245 1 0 |a Guidance for IT outsourcing decisions  |c Vladimír Mlynarovič 
520 |a Príspevok odpovedá na otázky o outsourcingu a poskytuje rady pre jeho naštartovanie. Kľúčové rozhodnutia v outsourcingu IS/IT v slovenských podnikoch. 
610 2 0 |a podnik 
610 2 0 |a systémy informačné 
610 2 0 |a technológie informačné 
610 2 0 |a outsourcing 
610 2 0 |a riziko 
610 2 0 |a Slovensko 
100 1 |a Mlynarovič, Vladimír